Estructura agraria, dinámica de población y desarrollo capitalista en Centroamérica

में बचाया:
ग्रंथसूची विवरण
निगमित लेखक: CSUCA
स्वरूप: मूलपाठ
प्रकाशित: San José: EDUCA
टैग: टैग जोड़ें
कोई टैग नहीं, इस रिकॉर्ड को टैग करने वाले पहले व्यक्ति बनें!

MARC

LEADER 00000 a a2200000 04500
001 25559
003
040
090 |a 154806  
110 |a CSUCA  
245 |a Estructura agraria, dinámica de población y desarrollo capitalista en Centroamérica  
260 |a San José:   |b EDUCA  
300 |a 335 p   |b **no definido**  
999 |c 12684  |d 12684